| 000 | 00960nas a2200301 4500 | ||
|---|---|---|---|
| 001 | BR2014001693 | ||
| 003 | BR-BrBNA | ||
| 005 | 20231205123809.0 | ||
| 007 | ta | ||
| 008 | 230509b bl.|||p| |||| 00| 00por d | ||
| 040 |
_aBR-BrBNA _bpor _cBiblioteca Nacional de Agricultura |
||
| 041 | _a(Pt) | ||
| 072 | _aP33 | ||
| 100 | 1 | _aBaldotto, M.A. | |
| 100 | 1 | _aCanellas, P. | |
| 100 | 1 | _aCanela, M.C. | |
| 100 | 1 | _aSimões,M.L. | |
| 100 | 1 | _aMartin-Neto, L. | |
| 100 | 1 | _aFontes, M.P.F. | |
| 100 | 1 | _aVelloso, A.C.X. | |
| 245 | 1 | _aPropriedades redox e grupos funcionais de ácidos húmicos isolados de adubos orgânicos | |
| 650 | _aADUBO ORGÂNICO | ||
| 650 | _aQUÍMICA DO SOLO | ||
| 773 | 0 |
_tRevista Brasileira de Ciência do Solo (Brazil) _xISSN 0100-0683 _g(May-Jun 2007), v. 31(3) p. 465-475 _wBR2014001693 |
|
| 856 | 4 | 0 | _uhttp://www.scielo.br/pdf/rbcs/v31n3/a06v31n3.pdf |
| 909 |
_a202311 _bLúcia _c55 _dLúcia Elande |
||
| 942 |
_2AGRIS _n0 _cANA |
||
| 999 |
_c235756 _d235756 |
||